Detroit: Become Humans - Associe les prénoms et noms de famille - Statistiques

Statistiques générales
  • Ce quiz a été pris 151 fois
  • Le résultat moyen est 7 sur 15
Statistiques - réponses
Nom de famille Prénom % Correct
Manfred Carl
86%
Anderson Hank
86%
Manfred Léo
80%
Ortiz Carlos
63%
Kamski Elijah
55%
Williams Todd
53%
Williams Alice
51%
Reed Gavin
34%
Chapman Rose
30%
Andronikov Zlatko
30%
Chapman Adam
26%
Miller Chris
26%
Fowler Jeffrey
16%
Warren Cristina
15%
Perkins Richard
13%
Aucun quiz correspondant
Distribution des résultats
% des personnes avec chaque résultat
Percentile par nombre de réponses
Votre historique - résultats
Vous n’avez pas pris ce quiz